|
|
|
|
| LEADER |
01042pam a22002898a 4500 |
| 001 |
00032852 |
| 005 |
20190228100202.0 |
| 008 |
141204s2014 ||||||viesd |
| 020 |
# |
# |
|a 9786045708156
|c 35000
|
| 041 |
0 |
# |
|a vie
|
| 082 |
1 |
4 |
|a 394.109 597
|b V115H
|
| 100 |
1 |
# |
|a Nguyễn, Thị Bảy
|
| 245 |
1 |
0 |
|a Văn hóa ẩm thực qua câu đố người Việt
|c Nguyễn Thị Bảy, Phạm Lan Oanh
|
| 260 |
# |
# |
|b Chính trị Quốc gia
|c 2014
|a Hà Nội
|
| 300 |
# |
# |
|a 192 tr.
|c 21 cm.
|
| 504 |
# |
# |
|a Thự mục: tr. 186-189
|
| 653 |
# |
# |
|a Câu đố
|
| 653 |
# |
# |
|a Ẩm thực
|
| 653 |
# |
# |
|a Văn hóa dân gian
|
| 653 |
# |
# |
|a Việt Nam
|
| 653 |
# |
# |
|a Người Việt
|
| 700 |
1 |
# |
|a Phạm, Lan Oanh
|
| 852 |
# |
# |
|j KD.0016386
|j KM.0017646
|j KM.0017647
|j KM.0017645
|
| 852 |
# |
# |
|b Kho đọc
|j KD.0016386
|
| 852 |
# |
# |
|b Kho mượn
|j KM.0017645, KM.0017646, KM.0017647
|
| 910 |
# |
# |
|d 4/12/2012
|e ltkchi
|f 28/02/2019
|
| 980 |
# |
# |
|a Trung tâm Học liệu Lê Vũ Hùng, Trường Đại học Đồng Tháp
|